000 00770nam a2200289Ia 4500
005 20260324145040.0
008 008 260324s9999 xx 000 0 eng d
020 _a9780429310874
037 _aEBOOK
040 _aCRL
040 _beng
040 _cCRL
041 _2eng
041 _aeng
084 _qCRL
100 _aGordon Craig; James A Cooney; Fritz Stern; Hans-Peter Schwarz
_91221564
245 4 _aThe Federal Republic Of Germany And The United States
245 0 _bChanging Political, Social, And Economic Relations
260 _bTaylor and Francis
260 _c1985
365 _a
365 _b230
856 _uhttp://www.taylorfrancis.com/books/9780429310874
942 _cEBOOK
999 _c1828947
_d1828947